Mistrzynie Europy w Siatkówce - Statystyki

Ogólne statystyki
  • Ten quiz został rozwiązany 104 razy
  • Średni wynik to 29 z 33
Statystyki odpowiedzi
Rok Zwycięzca % Poprawnych
2007 Włochy
100%
2009 Włochy
100%
2021 Włochy
100%
2003 Polska
99%
2005 Polska
99%
1993 Rosja
94%
1997 Rosja
94%
1999 Rosja
94%
2001 Rosja
94%
2013 Rosja
94%
2015 Rosja
94%
2011 Serbia
93%
2017 Serbia
93%
2019 Serbia
93%
1949 ZSRR
88%
1950 ZSRR
88%
1951 ZSRR
88%
1958 ZSRR
88%
1963 ZSRR
88%
1967 ZSRR
88%
1971 ZSRR
88%
1975 ZSRR
88%
1977 ZSRR
88%
1979 ZSRR
88%
1985 ZSRR
88%
1989 ZSRR
88%
1991 ZSRR
88%
2023 Turcja
87%
1955 Czechosłowacja
73%
1995 Holandia
73%
1983 NRD
69%
1987 NRD
69%
1981 Bułgaria
59%
Nie znaleziono quizów pasujących do podanych kryteriów
Rozkład punktacji
Procent ludzi z każdym wynikiem
Percentyl według liczby udzielonych odpowiedzi
Twoja historia wyników
Nie rozwiązałeś tego quizu